Lebensmittel mit "O" - Statistiken

Allgemein
  • Dieses Quiz wurde 224 mal gespielt
  • Das Durchschnittsergebnis liegt bei 7 aus 19
Antwortstatistiken
Lebensmittel % Korrekt
Orange
93%
Orangensaft
73%
Öl
62%
Obst
59%
Olive
50%
Olivenöl
39%
Ochsenschwanzsuppe
36%
Obstsalat
33%
Oregano
30%
Ofenkartoffel
28%
Obstkuchen
26%
Omelett
26%
Obstler
25%
Oblate
23%
Ofenkäse
19%
Orangenlimonade
19%
Oktopus
17%
Ölsardine
11%
Ouzo
9%
Keine übereinstimmenden Quizze gefunden
Verteilung der Resultate
Anzahl Personen mit jedem Resultat
Perzentil nach korrekt beantworteten Fragen
Ihre Resultats-Entwicklung
Sie haben dieses Quiz noch nicht gespielt